fille la plus belle - Statistiques

Statistiques générales
  • Ce quiz a été pris 61 fois
  • Le résultat moyen est 3 sur 7
Statistiques - réponses
Hint Réponse % Correct
3 cam
100%
1 cammille
89%
2 camille
87%
4 camou
17%
5 camillou
4%
6 elle la
2%
7 rhooo bah je sais pas camille ?
2%
Aucun quiz correspondant
Distribution des résultats
% des personnes avec chaque résultat
Percentile par nombre de réponses
Votre historique - résultats
Vous n’avez pas pris ce quiz